[Event "Europa ch s-18"]
[Site "Herceg Novi MNT"]
[Date "2008.09.16"]
[Round "2.6"]
[White "Chirila, Ioan Cristian"]
[Black "Kulakov, Viacheslav"]
[Result "1-0"]
[WhiteElo "2425"]
[BlackElo "2360"]
[PlyCount "53"]
[EventDate "2008.09.15"]
[EventType "swiss"]
[EventRounds "9"]
[Source "lmi"]
[SourceDate "2008.09.15"]

1. e4 c6 2. d4 d5 3. e5 Bf5 4. Nf3 e6 5. Be2 Nd7 6. O-O Ne7 7. Nbd2 c5 8. c4
cxd4 9. Nxd4 Nxe5 10. cxd5 Qxd5 11. Qa4+ N7c6 12. Nxc6 Nxc6 13. Bf3 Qd7 14. Nc4
Bc5 15. Rd1 Qc8 16. b4 Be7 17. b5 Nb4 18. b6+ Kf8 19. Nd6 Bc2 20. Qxb4 Bxd1 21.
Qf4 Bxd6 22. Qxd6+ Kg8 23. Qxd1 axb6 24. Bb2 f6 25. Rc1 Qe8 26. Bxb7 Rd8 27.
Qb3 1-0

[Event "Europa ch s-18"]
[Site "Herceg Novi MNT"]
[Date "2008.09.16"]
[Round "2.9"]
[White "Katov, Luboslav"]
[Black "Potapov, Pavel"]
[Result "1/2-1/2"]
[WhiteElo "2242"]
[BlackElo "2418"]
[PlyCount "85"]
[EventDate "2008.09.15"]
[EventType "swiss"]
[EventRounds "9"]
[Source "lmi"]
[SourceDate "2008.09.15"]

1. d4 f5 2. c4 Nf6 3. Nf3 g6 4. Nc3 Bg7 5. g3 d6 6. Bg2 O-O 7. O-O Qe8 8. b3
Nc6 9. Nd5 Nxd5 10. cxd5 Nb4 11. Ng5 c6 12. dxc6 bxc6 13. Qd2 Nd5 14. Bxd5+
cxd5 15. Qa5 e6 16. Nf3 Bb7 17. Ba3 Qd7 18. Rfc1 Rfc8 19. Rxc8+ Rxc8 20. Rc1
Bc6 21. Qa6 Bf8 22. Kf1 h6 23. h3 g5 24. g4 Be7 25. b4 Qb7 26. Qxb7 Bxb7 27. b5
Kf7 28. gxf5 exf5 29. Nd2 a6 30. bxa6 Rxc1+ 31. Bxc1 Bxa6 32. Nf3 Ke6 33. Ng1
Bf6 34. Bb2 g4 35. Kg2 h5 36. Kg3 Bg5 37. e3 h4+ 38. Kg2 Bd3 39. Bc1 Bd8 40.
Bd2 Kd7 41. hxg4 fxg4 42. f3 gxf3+ 43. Kxf3 1/2-1/2

[Event "Europa ch s-18"]
[Site "Herceg Novi MNT"]
[Date "2008.09.16"]
[Round "2.11"]
[White "Dobrev, Nayden"]
[Black "Recuero Guerra, David"]
[Result "0-1"]
[WhiteElo "2081"]
[BlackElo "2417"]
[PlyCount "60"]
[EventDate "2008.09.15"]
[EventType "swiss"]
[EventRounds "9"]
[Source "lmi"]
[SourceDate "2008.09.15"]

1. e4 c5 2. Nf3 d6 3. d4 cxd4 4. Nxd4 Nf6 5. Nc3 Nc6 6. Bc4 e6 7. Be3 a6 8. Bb3
Qc7 9. Qe2 Na5 10. g4 b5 11. g5 Nd7 12. f4 Nc5 13. f5 Naxb3 14. axb3 b4 15. Na4
e5 16. Nf3 Nxa4 17. Rxa4 a5 18. Kf2 Bb7 19. Qd3 Be7 20. Rc1 Bc6 21. Raa1 Qb7
22. Nd2 O-O 23. f6 gxf6 24. gxf6 Bxf6 25. Qxd6 Bh4+ 26. Kf3 f5 27. Rg1+ Kh8 28.
Qxe5+ Bf6 29. Bd4 Bxe4+ 30. Kf4 Bc6 0-1

[Event "Europa ch s-18"]
[Site "Herceg Novi MNT"]
[Date "2008.09.16"]
[Round "2.16"]
[White "Saric, Ivan"]
[Black "Pavlidis, Anastasios"]
[Result "1-0"]
[WhiteElo "2511"]
[BlackElo "2270"]
[PlyCount "45"]
[EventDate "2008.09.15"]
[EventType "swiss"]
[EventRounds "9"]
[Source "lmi"]
[SourceDate "2008.09.15"]

1. e4 c5 2. Ne2 d6 3. g3 h5 4. h3 d5 5. Bg2 dxe4 6. Nbc3 Nf6 7. Nxe4 Nxe4 8.
Bxe4 Nc6 9. d3 Bd7 10. Nf4 Qc8 11. Be3 e5 12. Nd5 Bd6 13. h4 Bg4 14. Bf3 Nd4
15. Bxd4 cxd4 16. c4 dxc3 17. bxc3 O-O 18. Bxg4 hxg4 19. O-O f5 20. Re1 Qc5 21.
Qb3 Rf7 22. Ne3 f4 23. Nxg4 1-0

[Event "Europa ch s-18"]
[Site "Herceg Novi MNT"]
[Date "2008.09.16"]
[Round "2.19"]
[White "Matsenko, Sergei"]
[Black "Ivanovic, Lazar"]
[Result "1-0"]
[WhiteElo "2440"]
[BlackElo "1718"]
[PlyCount "37"]
[EventDate "2008.09.15"]
[EventType "swiss"]
[EventRounds "9"]
[Source "lmi"]
[SourceDate "2008.09.15"]

1. d4 Nf6 2. Nf3 d6 3. Nc3 Nbd7 4. e4 e5 5. Bc4 Be7 6. O-O O-O 7. Re1 c6 8. a4
h6 9. h3 Nh7 10. Ne2 Ng5 11. Nxg5 Bxg5 12. f4 Bf6 13. Be3 Re8 14. dxe5 dxe5 15.
f5 Qc7 16. Ng3 Bh4 17. Qh5 Qd8 18. Bxf7+ Kh8 19. Bxh6 1-0

[Event "Europa ch s-18"]
[Site "Herceg Novi MNT"]
[Date "2008.09.16"]
[Round "2.20"]
[White "Nemes, Silviu-Virgil"]
[Black "Nabaty, Tamir"]
[Result "0-1"]
[WhiteElo "2273"]
[BlackElo "2431"]
[PlyCount "43"]
[EventDate "2008.09.15"]
[EventType "swiss"]
[EventRounds "9"]
[Source "lmi"]
[SourceDate "2008.09.15"]

1. e4 e5 2. Nf3 Nc6 3. Bb5 a6 4. Ba4 Nf6 5. O-O Bc5 6. c3 O-O 7. d4 Ba7 8. Re1
d6 9. h3 Qe7 10. Be3 exd4 11. cxd4 Qxe4 12. Bc2 Qd5 13. a4 Ng4 14. hxg4 Bxg4
15. Qd3 Qh5 16. Nh2 Nb4 17. Qd2 Nxc2 18. Qxc2 f5 19. f4 Rf6 20. Qf2 Bh3 21. Kh1
Rg6 22. Rg1 0-1

[Event "Europa ch s-18"]
[Site "Herceg Novi MNT"]
[Date "2008.09.16"]
[Round "2.21"]
[White "Thorgeirsson, Sverrir"]
[Black "Bojchev, Marian"]
[Result "0-1"]
[WhiteElo "2102"]
[BlackElo "2406"]
[PlyCount "44"]
[EventDate "2008.09.15"]
[EventType "swiss"]
[EventRounds "9"]
[Source "lmi"]
[SourceDate "2008.09.15"]

1. d4 Nf6 2. Nf3 e6 3. e3 b6 4. Bd3 Bb7 5. O-O c5 6. b3 Be7 7. Bb2 O-O 8. Nbd2
d6 9. Rc1 cxd4 10. exd4 Nbd7 11. c4 Rc8 12. Qe2 Rc7 13. Rfe1 Re8 14. Ng5 Bf8
15. f4 e5 16. fxe5 dxe5 17. dxe5 Nxe5 18. Bxe5 Ree7 19. Bxf6 Rxe2 20. Rxe2 gxf6
21. Bxh7+ Kg7 22. Nde4 fxg5 0-1

[Event "Europa ch s-18"]
[Site "Herceg Novi MNT"]
[Date "2008.09.16"]
[Round "2.25"]
[White "Rahmanov, Shakhiyar"]
[Black "Rasulov, Vugar"]
[Result "0-1"]
[WhiteElo "2145"]
[BlackElo "2392"]
[PlyCount "68"]
[EventDate "2008.09.15"]
[EventType "swiss"]
[EventRounds "9"]
[Source "lmi"]
[SourceDate "2008.09.15"]

1. d4 Nf6 2. c4 c5 3. d5 e5 4. Nc3 d6 5. e4 Be7 6. Bd3 Nbd7 7. Nge2 a6 8. O-O
h5 9. a3 h4 10. Rb1 g6 11. b4 Kf8 12. Na4 b6 13. Bd2 Kg7 14. bxc5 bxc5 15. Bc3
g5 16. Qd2 Nh5 17. g4 hxg3 18. fxg3 g4 19. Nc1 Qg8 20. Nb3 Rb8 21. Na5 Rxb1 22.
Rxb1 Qh7 23. Nc6 Bf6 24. Qf2 Bg5 25. Rf1 Ndf6 26. Bd2 Bxd2 27. Qxd2 Kf8 28. Qf2
Nf4 29. Qc2 Nxd3 30. Rxf6 Ne1 31. Qf2 Nf3+ 32. Rxf3 gxf3 33. Qxf3 Qxh2+ 34. Kf1
Qd2 0-1

[Event "Europa ch s-18"]
[Site "Herceg Novi MNT"]
[Date "2008.09.16"]
[Round "2.27"]
[White "Nitelea, Barbu Alexandru"]
[Black "Shukh, Nikolai"]
[Result "0-1"]
[WhiteElo "2066"]
[BlackElo "2370"]
[PlyCount "98"]
[EventDate "2008.09.15"]
[EventType "swiss"]
[EventRounds "9"]
[Source "lmi"]
[SourceDate "2008.09.15"]

1. e4 c5 2. Nf3 d6 3. c3 Nf6 4. h3 g6 5. Bd3 Bg7 6. O-O O-O 7. Bc2 Nc6 8. d4
cxd4 9. cxd4 Nb4 10. Bb3 d5 11. e5 Ne4 12. Nc3 Bf5 13. a3 Nxc3 14. bxc3 Nc6 15.
Bc2 Bxc2 16. Qxc2 Rc8 17. Qd3 Na5 18. h4 Qc7 19. Bd2 Nc4 20. Rfc1 Qd7 21. h5
Rfe8 22. Nh2 Rc6 23. hxg6 hxg6 24. f3 Rec8 25. Ng4 Qf5 26. Qe2 Rb6 27. Ra2 Rb1
28. Kf2 Rc6 29. Kg3 Rcb6 30. Qd1 R1b2 31. Rc2 Qxc2 32. Qxc2 Rxc2 33. Rxc2 Rb3
34. Bg5 Kf8 35. Rc1 Rxa3 36. Bf6 b5 37. Rh1 Rxc3 38. Rh7 exf6 39. exf6 Bxf6 40.
Nxf6 Nb6 41. Kf4 Ke7 42. Kg5 Rc8 43. Ng4 Nc4 44. Nf6 Ke6 45. Rh1 b4 46. Re1+
Kd6 47. Ne8+ Kd7 48. Nf6+ Kc6 49. Re7 b3 0-1

[Event "Europa ch s-18"]
[Site "Herceg Novi MNT"]
[Date "2008.09.16"]
[Round "2.30"]
[White "Omarsson, Dadi"]
[Black "Hrabusa, Matej"]
[Result "1-0"]
[WhiteElo "2029"]
[BlackElo "2246"]
[PlyCount "101"]
[EventDate "2008.09.15"]
[EventType "swiss"]
[EventRounds "9"]
[Source "lmi"]
[SourceDate "2008.09.15"]

1. e4 c5 2. Nf3 d6 3. d4 cxd4 4. Nxd4 Nf6 5. Nc3 a6 6. Bg5 e6 7. f4 Be7 8. Qf3
Qc7 9. O-O-O Nbd7 10. Bd3 h6 11. Bh4 g5 12. fxg5 Ne5 13. Qe2 Nfg4 14. Nf3 hxg5
15. Bg3 Nxf3 16. Qxf3 Ne5 17. Bxe5 dxe5 18. Rdf1 Rh7 19. h4 gxh4 20. Qg4 Rh8
21. g3 Bd7 22. gxh4 Rf8 23. Qg7 b5 24. h5 b4 25. Ne2 Ba4 26. Kb1 Rc8 27. Rc1
Bc5 28. Rh3 Ke7 29. Rf3 Kd6 30. Rcf1 f5 31. Qxc7+ Rxc7 32. exf5 Bc6 33. Rg3
exf5 34. Rg6+ Ke7 35. Rxf5 Rxf5 36. Bxf5 Bf3 37. h6 Kf8 38. Rf6+ Ke7 39. Rg6
Kf8 40. Rf6+ Ke7 41. Re6+ Kf7 42. h7 Rc8 43. Rxe5 Rd8 44. Bd3 Bxe2 45. Rxc5 Bg4
46. Rc4 Be6 47. Rxb4 Kg7 48. b3 a5 49. Rb7+ Kh8 50. Ra7 a4 51. Rxa4 1-0

[Event "Europa ch s-18"]
[Site "Herceg Novi MNT"]
[Date "2008.09.16"]
[Round "2.33"]
[White "Wallin, Aleksi"]
[Black "Sarenac, David"]
[Result "1/2-1/2"]
[WhiteElo "1887"]
[BlackElo "2222"]
[PlyCount "96"]
[EventDate "2008.09.15"]
[EventType "swiss"]
[EventRounds "9"]
[Source "lmi"]
[SourceDate "2008.09.15"]

1. Nf3 Nf6 2. c4 g6 3. Nc3 d5 4. cxd5 Nxd5 5. Qa4+ Bd7 6. Qh4 Nxc3 7. dxc3 Nc6
8. e4 e5 9. Bg5 Be7 10. Bc4 h5 11. Bxe7 Qxe7 12. Qxe7+ Kxe7 13. h3 f6 14. Nd2
Rhd8 15. O-O-O Na5 16. Bd3 Be6 17. Bb1 c5 18. Nf1 Rxd1+ 19. Kxd1 Rd8+ 20. Kc1
Nc4 21. b3 Na3 22. Bc2 Nxc2 23. Kxc2 f5 24. Nd2 b5 25. Re1 Kf6 26. h4 Bd7 27.
Nf3 Bc6 28. Ng5 Rd7 29. g3 b4 30. f3 Bb5 31. Rd1 Rxd1 32. Kxd1 a5 33. c4 Bc6
34. Kd2 a4 35. Kd3 a3 36. Nh7+ Ke7 37. Ng5 Bd7 38. f4 Kf6 39. Nh7+ Kg7 40. Ng5
Kf6 41. Nh7+ Ke7 42. Ng5 Ba4 43. Kc2 Bc6 44. Kd3 Kf6 45. Nh7+ Kg7 46. Ng5 Kf6
47. Nh7+ Kg7 48. Ng5 Kf6 1/2-1/2

[Event "Europa ch s-18"]
[Site "Herceg Novi MNT"]
[Date "2008.09.16"]
[Round "2.34"]
[White "Nikologorsky, Matfei"]
[Black "Bomans, Arno"]
[Result "1-0"]
[WhiteElo "2197"]
[BlackElo "2020"]
[PlyCount "73"]
[EventDate "2008.09.15"]
[EventType "swiss"]
[EventRounds "9"]
[Source "lmi"]
[SourceDate "2008.09.15"]

1. e4 e5 2. f4 Bc5 3. Nf3 d6 4. Bc4 Nf6 5. Nc3 Nc6 6. f5 a6 7. d3 h6 8. Qe2 Nd4
9. Nxd4 exd4 10. Nd5 Nxd5 11. Bxd5 c6 12. Bb3 Bb4+ 13. Kf2 Qf6 14. Rf1 Bd7 15.
Kg1 O-O-O 16. a3 Ba5 17. Bc4 Bc7 18. b4 Rhe8 19. Qh5 Re7 20. g4 d5 21. g5 Qe5
22. Bf4 Qxf4 23. Rxf4 Bxf4 24. exd5 hxg5 25. d6 Re5 26. Qxf7 Rxf5 27. Qxg7 Be3+
28. Kh1 c5 29. Be6 Rf2 30. bxc5 Rxc2 31. Bxd7+ Rxd7 32. Qg8+ Rd8 33. Qe6+ Kb8
34. Rb1 Rh8 35. h3 Rxc5 36. d7 Rd8 37. Qe7 1-0

[Event "Europa ch s-18"]
[Site "Herceg Novi MNT"]
[Date "2008.09.17"]
[Round "3.3"]
[White "Burg, Twan"]
[Black "Swiercz, Dariusz"]
[Result "0-1"]
[WhiteElo "2359"]
[BlackElo "2456"]
[PlyCount "138"]
[EventDate "2008.09.15"]
[EventType "swiss"]
[EventRounds "9"]
[Source "lmi"]
[SourceDate "2008.09.15"]

1. e4 c5 2. Nf3 Nc6 3. d4 cxd4 4. Nxd4 g6 5. c4 Nf6 6. Nc3 d6 7. Be2 Nxd4 8.
Qxd4 Bg7 9. Be3 O-O 10. Qd2 a5 11. Rd1 Be6 12. f3 a4 13. O-O Qa5 14. Nb5 Qxd2
15. Rxd2 Rfc8 16. Na7 Rf8 17. Nb5 Nd7 18. Rc1 Rfc8 19. Kf2 Nc5 20. g4 Bd7 21.
Na3 b5 22. Bd4 Bxd4+ 23. Rxd4 b4 24. Nb1 Ra5 25. Rdd1 g5 26. Nd2 Be6 27. h4 h6
28. h5 Nd7 29. Nf1 Ne5 30. Ne3 Rac5 31. b3 Ra8 32. Nc2 Nc6 33. Ra1 Rca5 34. Ke3
Kg7 35. Rab1 R8a7 36. Nd4 Nxd4 37. Rxd4 axb3 38. axb3 Kf6 39. Rd2 Ke5 40. Rc1
Rc5 41. Bd1 Ra3 42. Rd3 Rca5 43. Rd2 Ra1 44. Rdc2 R5a3 45. Rxa1 Rxa1 46. Rd2
Rb1 47. Bc2 Re1+ 48. Re2 Rxe2+ 49. Kxe2 Kd4 50. Kd2 Bd7 51. Bb1 e6 52. Bd3 Bc6
53. Bc2 f6 54. Bd3 d5 55. c5 Kxc5 56. Ke3 Bb5 57. Bxb5 Kxb5 58. f4 gxf4+ 59.
Kxf4 dxe4 60. Ke3 Kc6 61. Kd4 e3 62. Kxe3 Kd5 63. Kd3 e5 64. Ke3 e4 65. Kf4 Kd4
66. Kf5 e3 67. Kxf6 e2 68. Kf5 e1=Q 69. Kf4 Qf2# 0-1

[Event "Europa ch s-18"]
[Site "Herceg Novi MNT"]
[Date "2008.09.17"]
[Round "3.4"]
[White "Panocki, Adrian"]
[Black "Chirila, Ioan Cristian"]
[Result "1-0"]
[WhiteElo "2338"]
[BlackElo "2425"]
[PlyCount "89"]
[EventDate "2008.09.15"]
[EventType "swiss"]
[EventRounds "9"]
[Source "lmi"]
[SourceDate "2008.09.15"]

1. e4 e5 2. Nf3 Nc6 3. Bb5 a6 4. Ba4 Nf6 5. O-O Be7 6. Re1 b5 7. Bb3 d6 8. a4
Rb8 9. axb5 axb5 10. d3 O-O 11. Nbd2 Nb4 12. Nf1 c5 13. c3 Nc6 14. Ng3 Qc7 15.
h3 b4 16. Be3 Bd7 17. d4 Na5 18. Ba4 Nc4 19. Qe2 Nxe3 20. Qxe3 g6 21. Bxd7 Nxd7
22. dxe5 dxe5 23. c4 Rbd8 24. Qe2 f5 25. exf5 gxf5 26. Nxe5 Nxe5 27. Qxe5 Qxe5
28. Rxe5 Bf6 29. Rxc5 f4 30. Ne4 Bxb2 31. Rb1 Ba3 32. Rd5 Rxd5 33. cxd5 Kf7 34.
Rb3 Ke7 35. Kf1 Rc8 36. Ke2 Rc4 37. Kd3 Rc1 38. Kd4 Rc2 39. Ke5 Rb2 40. d6+ Kd8
41. Rxb2 Bxb2+ 42. Kd5 Bc3 43. Nc5 f3 44. gxf3 Be1 45. Kc6 1-0

[Event "Europa ch s-18"]
[Site "Herceg Novi MNT"]
[Date "2008.09.17"]
[Round "3.5"]
[White "Recuero Guerra, David"]
[Black "Anton, Teodor"]
[Result "0-1"]
[WhiteElo "2417"]
[BlackElo "2353"]
[PlyCount "112"]
[EventDate "2008.09.15"]
[EventType "swiss"]
[EventRounds "9"]
[Source "lmi"]
[SourceDate "2008.09.15"]

1. e4 e5 2. Nf3 Nc6 3. Bb5 a6 4. Ba4 Nf6 5. O-O b5 6. Bb3 Bc5 7. a4 Rb8 8. c3
d6 9. d4 Bb6 10. a5 Ba7 11. Qd3 h6 12. Be3 exd4 13. cxd4 Qe7 14. e5 Ng4 15.
exd6 Qxd6 16. Qe4+ Ne7 17. Bf4 Qb4 18. Nbd2 Bf5 19. Qe2 O-O 20. h3 Nf6 21. Bxc7
Nc6 22. Bxb8 Rxb8 23. Rac1 Re8 24. Qxe8+ Nxe8 25. Rxc6 Qxa5 26. Re1 Kf8 27. Rc3
Qb4 28. Re5 g6 29. Rd5 Be6 30. Rd8 Qe7 31. Ra8 Qb7 32. Rxa7 Qxa7 33. Bxe6 fxe6
34. Ne4 a5 35. Nc5 b4 36. Nxe6+ Kg8 37. Rc1 a4 38. Nc5 a3 39. bxa3 bxa3 40. Nd2
Nd6 41. Ndb3 a2 42. Ra1 Nb5 43. Nd3 Nc3 44. Ndc1 Qa3 45. Nxa2 Nxa2 46. Nc5 Qb2
47. Re1 Qxd4 48. Ne6 Qd6 49. g3 g5 50. f4 Kf7 51. Kf2 Nc3 52. Kf3 Qd3+ 53. Re3
Qd5+ 54. Kg4 h5+ 55. Kxh5 gxf4+ 56. Ng5+ Qxg5+ 0-1

[Event "Europa ch s-18"]
[Site "Herceg Novi MNT"]
[Date "2008.09.17"]
[Round "3.7"]
[White "Potapov, Pavel"]
[Black "Saric, Ivan"]
[Result "1/2-1/2"]
[WhiteElo "2418"]
[BlackElo "2511"]
[PlyCount "58"]
[EventDate "2008.09.15"]
[EventType "swiss"]
[EventRounds "9"]
[Source "lmi"]
[SourceDate "2008.09.15"]

1. e4 e5 2. Nf3 Nc6 3. Bb5 a6 4. Ba4 Nf6 5. d4 exd4 6. O-O Be7 7. Re1 b5 8. e5
Nxe5 9. Rxe5 d6 10. Re1 bxa4 11. Nxd4 Bd7 12. Qf3 O-O 13. Nc3 d5 14. Nxd5 Nxd5
15. Qxd5 Bf6 16. Be3 Re8 17. Nc6 Qc8 18. Rad1 Be6 19. Qc5 Bxa2 20. Bd4 Rxe1+
21. Rxe1 Qf8 22. Ne7+ Bxe7 23. Rxe7 Rd8 24. c3 Rb8 25. h3 Rxb2 26. Bxg7 Kxg7
27. Qe5+ Kg6 28. Qg3+ Kf6 29. Qe5+ Kg6 1/2-1/2

[Event "Europa ch s-18"]
[Site "Herceg Novi MNT"]
[Date "2008.09.17"]
[Round "3.8"]
[White "Levin, Evgeny A"]
[Black "Vila Gazquez, Xavier"]
[Result "1/2-1/2"]
[WhiteElo "2488"]
[BlackElo "2419"]
[PlyCount "31"]
[EventDate "2008.09.15"]
[EventType "swiss"]
[EventRounds "9"]
[Source "lmi"]
[SourceDate "2008.09.15"]

1. d4 d5 2. c4 dxc4 3. Nf3 Nf6 4. e3 Bg4 5. Bxc4 e6 6. Nc3 Nbd7 7. h3 Bh5 8. g4
Bg6 9. Nh4 Bb4 10. Nxg6 hxg6 11. Bd2 c5 12. Qb3 Qb6 13. Ke2 Bxc3 14. bxc3 Ne4
15. Bb5 Nxd2 16. Kxd2 1/2-1/2

[Event "Europa ch s-18"]
[Site "Herceg Novi MNT"]
[Date "2008.09.17"]
[Round "3.9"]
[White "Bojchev, Marian"]
[Black "Can, Emre"]
[Result "0-1"]
[WhiteElo "2406"]
[BlackElo "2460"]
[PlyCount "64"]
[EventDate "2008.09.15"]
[EventType "swiss"]
[EventRounds "9"]
[Source "lmi"]
[SourceDate "2008.09.15"]

1. d4 Nf6 2. c4 g6 3. Nc3 Bg7 4. e4 d6 5. f3 O-O 6. Be3 c5 7. dxc5 dxc5 8. Bxc5
Nc6 9. Nge2 Nd7 10. Ba3 b6 11. Qa4 Nde5 12. Rd1 Bd7 13. Qa6 Na5 14. Ng3 Nec6
15. c5 Nd4 16. Qd3 Rc8 17. Be2 bxc5 18. O-O Be6 19. Qa6 Qb6 20. Qxb6 axb6 21.
Bd3 Rfd8 22. Na4 Rc6 23. b4 Nc4 24. Bc1 cxb4 25. Bxc4 Bxc4 26. Rfe1 Bxa2 27.
Bb2 Bb3 28. Rd3 Bc2 29. Rd2 Rdc8 30. e5 Nb3 31. Rde2 Nc1 32. Rxc1 f6 0-1

[Event "Europa ch s-18"]
[Site "Herceg Novi MNT"]
[Date "2008.09.17"]
[Round "3.10"]
[White "Guilleux, Fabien"]
[Black "Rozum, Ivan"]
[Result "0-1"]
[WhiteElo "2397"]
[BlackElo "2444"]
[PlyCount "82"]
[EventDate "2008.09.15"]
[EventType "swiss"]
[EventRounds "9"]
[Source "lmi"]
[SourceDate "2008.09.15"]

1. Nf3 Nf6 2. c4 g6 3. Nc3 Bg7 4. e4 d6 5. d4 O-O 6. h3 e5 7. d5 a5 8. Bd3 Na6
9. Bg5 Qe8 10. g4 c6 11. Nd2 Nc5 12. Bc2 h6 13. Be3 Bd7 14. Qf3 Nh7 15. O-O-O
cxd5 16. cxd5 b5 17. Ne2 Qe7 18. h4 b4 19. Bxc5 dxc5 20. Bd3 Nf6 21. Rdg1 a4
22. Kb1 a3 23. b3 Nxd5 24. exd5 e4 25. Nxe4 Qe5 26. N2c3 bxc3 27. Kc2 f5 28.
Nxc5 fxg4 29. Nxd7 Rxf3 30. Nxe5 Bxe5 31. Rxg4 Rxf2+ 32. Kb1 Rb2+ 33. Kc1 Rxa2
34. Rxg6+ Bg7 35. Rhg1 Ra7 36. d6 Rd2 37. d7 Rxd7 38. Bc4+ Kh7 39. Ra6 Ra2 40.
Kb1 Rb2+ 41. Kc1 a2 0-1

[Event "Europa ch s-18"]
[Site "Herceg Novi MNT"]
[Date "2008.09.17"]
[Round "3.14"]
[White "Piorun, Kacper"]
[Black "Froewis, Georg"]
[Result "1-0"]
[WhiteElo "2445"]
[BlackElo "2269"]
[PlyCount "61"]
[EventDate "2008.09.15"]
[EventType "swiss"]
[EventRounds "9"]
[Source "lmi"]
[SourceDate "2008.09.15"]

1. e4 e6 2. d4 d5 3. Nc3 Bb4 4. e5 c5 5. a3 Bxc3+ 6. bxc3 Ne7 7. h4 Qc7 8. h5
h6 9. Bd2 Bd7 10. Qg4 Nbc6 11. Nf3 O-O-O 12. Qxg7 f6 13. Bd3 fxe5 14. Nxe5 Rdg8
15. Qf6 Rf8 16. Nf7 Nf5 17. Bxf5 exf5 18. dxc5 Nd8 19. Nd6+ Kb8 20. Qd4 f4 21.
O-O-O Ne6 22. Qxd5 Nxc5 23. c4 Qc6 24. Qe5 Ka8 25. Nb5 Ne6 26. Bb4 Rd8 27. Be7
Rde8 28. Rhe1 Rhg8 29. Rd6 Rxe7 30. Rxc6 Bxc6 31. Qd6 1-0

[Event "Europa ch s-18"]
[Site "Herceg Novi MNT"]
[Date "2008.09.17"]
[Round "3.16"]
[White "Kopylov, Alexander A"]
[Black "Opinca, Sorin"]
[Result "1-0"]
[WhiteElo "2421"]
[BlackElo "2175"]
[PlyCount "107"]
[EventDate "2008.09.15"]
[EventType "swiss"]
[EventRounds "9"]
[Source "lmi"]
[SourceDate "2008.09.15"]

1. d4 d5 2. c4 dxc4 3. Nf3 Nf6 4. e3 e6 5. Bxc4 a6 6. O-O Nbd7 7. a4 b6 8. Re1
Bb7 9. Nbd2 c5 10. e4 Be7 11. e5 Nd5 12. Ne4 h6 13. b3 O-O 14. Ba3 Rc8 15. Rc1
Rc7 16. Nd6 Bxd6 17. exd6 Rc8 18. Bf1 a5 19. Bb5 Nb4 20. Bb2 Bd5 21. Nd2 Nf6
22. dxc5 Rxc5 23. Nc4 Bc6 24. Bxc6 Rxc6 25. Qd4 Nbd5 26. Ba3 Nd7 27. h4 Qf6 28.
Qg4 g6 29. Bb2 Qf5 30. Qd4 Qf6 31. Qe4 Nc5 32. Qg4 Qf5 33. Qd4 f6 34. Ne3 Nxe3
35. Rxe3 Qd5 36. Qg4 Kh7 37. Rd1 Qf5 38. Qc4 Rcc8 39. Rf3 Nd7 40. Qc7 Rxc7 41.
dxc7 Qd5 42. Rxd5 exd5 43. Bxf6 Rc8 44. Bd8 Kg7 45. Rd3 Nf6 46. Bxf6+ Kxf6 47.
Rxd5 Rxc7 48. Rd6+ Kf5 49. Rxb6 Rc3 50. g3 g5 51. Rxh6 Rxb3 52. Rh5 Kg4 53.
Rxg5+ Kh3 54. Kf1 1-0

[Event "Europa ch s-18"]
[Site "Herceg Novi MNT"]
[Date "2008.09.17"]
[Round "3.19"]
[White "Tereick, Benjamin"]
[Black "Dobrev, Nayden"]
[Result "1-0"]
[WhiteElo "2382"]
[BlackElo "2081"]
[PlyCount "135"]
[EventDate "2008.09.15"]
[EventType "swiss"]
[EventRounds "9"]
[Source "lmi"]
[SourceDate "2008.09.15"]

1. Nf3 Nf6 2. g3 g6 3. b3 Bg7 4. Bb2 O-O 5. Bg2 c5 6. c4 Nc6 7. O-O d6 8. d4
cxd4 9. Nxd4 Bd7 10. Nc2 Qa5 11. Nc3 Qh5 12. Ne3 Ng4 13. Nxg4 Bxg4 14. Qd2 Bh3
15. Nd5 Bxb2 16. Qxb2 Bxg2 17. Kxg2 Rac8 18. Rad1 Rfe8 19. f4 Qf5 20. Rf3 a6
21. Nb6 Rcd8 22. Rd5 Qe4 23. Na4 b5 24. Nc3 Qe6 25. cxb5 axb5 26. b4 Rc8 27.
Rdd3 Qf6 28. Rd2 Rb8 29. Nd5 Qxb2 30. Rxb2 Kf8 31. Rc3 Nd4 32. e3 Ne6 33. Rbc2
Rb7 34. g4 f5 35. gxf5 gxf5 36. Kf3 Kf7 37. Rc8 Rb8 38. Rxe8 Rxe8 39. Rc6 Ra8
40. Rb6 Ra3 41. Kg3 Rd3 42. Rxb5 Nc5 43. bxc5 Rxd5 44. a4 dxc5 45. a5 Rd3 46.
Rxc5 Rxe3+ 47. Kf2 Re4 48. Rxf5+ Kg6 49. Rg5+ Kf6 50. Kf3 Ra4 51. Rb5 e6 52. h4
Ra3+ 53. Kg4 Ra4 54. h5 h6 55. Re5 Ra3 56. Rc5 Ra4 57. Kg3 Ra3+ 58. Kh4 Ra4 59.
Kg4 Ra3 60. Rb5 Ra4 61. Kf3 Ra3+ 62. Ke4 Ra4+ 63. Ke3 Ra3+ 64. Kd4 Ra4+ 65. Kc5
Rxf4 66. a6 Ra4 67. Kb6 e5 68. a7 1-0

[Event "Europa ch s-18"]
[Site "Herceg Novi MNT"]
[Date "2008.09.17"]
[Round "3.20"]
[White "Shukh, Nikolai"]
[Black "Omarsson, Dadi"]
[Result "1-0"]
[WhiteElo "2370"]
[BlackElo "2029"]
[PlyCount "115"]
[EventDate "2008.09.15"]
[EventType "swiss"]
[EventRounds "9"]
[Source "lmi"]
[SourceDate "2008.09.15"]

1. e4 e5 2. Nf3 Nc6 3. Bb5 a6 4. Ba4 Nf6 5. Qe2 b5 6. Bb3 Be7 7. c3 O-O 8. O-O
d6 9. h3 Na5 10. Bc2 c5 11. d4 Qc7 12. Rd1 Bd7 13. d5 Ne8 14. Nbd2 g6 15. Nf1
Ng7 16. Bh6 c4 17. Ng3 Nb7 18. Nh2 f6 19. f4 Nd8 20. fxe5 fxe5 21. Nf3 Nf7 22.
Be3 a5 23. Rf1 b4 24. Qd2 Rab8 25. Rf2 Qb7 26. Raf1 bxc3 27. bxc3 Qb2 28. Ng5
Nxg5 29. Bxg5 Bxg5 30. Qxg5 Qb6 31. Qe7 Bb5 32. Nh1 Rbe8 33. Qg5 Rxf2 34. Rxf2
Rf8 35. Kf1 Nh5 36. g3 Qd8 37. Rxf8+ Qxf8+ 38. Kg2 Bd7 39. Nf2 Kg7 40. Bd1 Nf6
41. Be2 Qc8 42. Qe3 Qc7 43. g4 h6 44. h4 Ng8 45. Kg3 Ne7 46. Kg2 Nc8 47. g5 h5
48. Qf3 Be8 49. Qf6+ Kg8 50. Nh1 Nb6 51. Ng3 Nc8 52. Bxh5 gxh5 53. Nf5 Qb7 54.
Kh3 Kh7 55. Qh6+ Kg8 56. g6 Qd7 57. g7 Ne7 58. Qh8+ 1-0

[Event "Europa ch s-18"]
[Site "Herceg Novi MNT"]
[Date "2008.09.17"]
[Round "3.21"]
[White "Botta, Gabriele"]
[Black "Narmontas, Matas"]
[Result "0-1"]
[WhiteElo "2158"]
[BlackElo "2369"]
[PlyCount "60"]
[EventDate "2008.09.15"]
[EventType "swiss"]
[EventRounds "9"]
[Source "lmi"]
[SourceDate "2008.09.15"]

1. e4 c5 2. Nf3 e6 3. d4 cxd4 4. Nxd4 Qb6 5. Nb3 Qc7 6. Nc3 a6 7. Be2 Nf6 8. a3
b5 9. O-O Bb7 10. f3 Bd6 11. f4 Nxe4 12. Nxe4 Bxe4 13. Bd3 Bb7 14. Bd2 Nc6 15.
Qg4 f5 16. Qxg7 O-O-O 17. Qc3 Rhg8 18. Rf2 Rg6 19. Nc5 Bxc5 20. Qxc5 Rdg8 21.
Bf1 d6 22. Qc3 Kb8 23. a4 b4 24. Qd3 e5 25. c3 Ne7 26. cxb4 Nd5 27. a5 exf4 28.
b5 Qc5 29. Rc1 Nc3 30. Qh3 Ne2+ 0-1

[Event "Europa ch s-18"]
[Site "Herceg Novi MNT"]
[Date "2008.09.17"]
[Round "3.22"]
[White "Dzalbo, Andrejs"]
[Black "Pacher, Milan"]
[Result "1-0"]
[WhiteElo "2102"]
[BlackElo "2361"]
[PlyCount "67"]
[EventDate "2008.09.15"]
[EventType "swiss"]
[EventRounds "9"]
[Source "lmi"]
[SourceDate "2008.09.15"]

1. d4 Nf6 2. Nf3 g6 3. Bg5 Bg7 4. e3 O-O 5. Bd3 c5 6. c3 d6 7. Nbd2 Nc6 8. O-O
e5 9. dxe5 dxe5 10. Ne4 Bf5 11. Qc2 Bxe4 12. Bxe4 Qc7 13. Bxc6 bxc6 14. Bxf6
Bxf6 15. Rfd1 Rfb8 16. Nd2 Be7 17. Nc4 Rd8 18. Rxd8+ Rxd8 19. Rd1 f6 20. h3 Kf8
21. e4 Rxd1+ 22. Qxd1 Qd8 23. Qxd8+ Bxd8 24. Kf1 Ke7 25. Ke2 Bc7 26. Kd3 Bb6
27. a4 Kd7 28. f3 Bd8 29. Ne3 Kc7 30. Kc4 Be7 31. Ng4 Kd6 32. Nf2 Kc7 33. Nd3
Kb6 34. Nxc5 1-0